Management and organisational behaviour / (Record no. 16570)
[ view plain ]
| 000 -LEADER | |
|---|---|
| fixed length control field | 03349nam a22004217a 4500 |
| 005 - DATE AND TIME OF LATEST TRANSACTION | |
| control field | 20081013114943.0 |
| 008 - FIXED-LENGTH DATA ELEMENTS--GENERAL INFORMATION | |
| fixed length control field | 081013t xxu||||| |||| 00| 0 eng d |
| 010 ## - LCCN (DPL NO) | |
| LC control number | ENG-91266 |
| 020 ## - INTERNATIONAL STANDARD BOOK NUMBER | |
| Terms of availability | 375.00 |
| 035 ## - SYSTEM CONTROL NUMBER | |
| System control number | EN-74799 |
| 035 ## - SYSTEM CONTROL NUMBER | |
| System control number | B-340868-878 |
| 037 ## - SOURCE OF ACQUISITION | |
| Source of stock number/acquisition | DBAD / PUB Himalaya Publishing House |
| 040 ## - CATALOGING SOURCE | |
| Original cataloging agency | dpl |
| Language of cataloging | English |
| 082 ## - DEWEY DECIMAL CLASSIFICATION NUMBER | |
| Classification number | 658 |
| 100 ## - MAIN ENTRY--PERSONAL NAME | |
| Personal name | Aswathappa, K. |
| 245 ## - TITLE STATEMENT | |
| Title | Management and organisational behaviour / |
| Statement of responsibility, etc | by K. Aswathappa [and] G. Sudarsana Reddy |
| 260 ## - PUBLICATION, DISTRIBUTION, ETC. (IMPRINT) | |
| Place of publication, distribution, etc | New Delhi |
| Name of publisher, distributor, etc | Himalaya Publishing House |
| Date of publication, distribution, etc | 2008 |
| 270 ## - ADDRESS | |
| Address | Pooja Apartments, 4-B, Murari Lal Street, Ansari Road, Daryaganj, |
| City | New Delhi |
| Postal code | 110002 |
| 300 ## - PHYSICAL DESCRIPTION | |
| Extent | 588p. |
| Dimensions | 28cm (pbk) |
| 500 ## - GENERAL NOTE | |
| General note | Includes index |
| 650 ## - SUBJECT ADDED ENTRY--TOPICAL TERM | |
| Topical term or geographic name as entry element | Management |
| 650 ## - SUBJECT ADDED ENTRY--TOPICAL TERM | |
| Topical term or geographic name as entry element | Organizational behavior |
| 700 ## - ADDED ENTRY--PERSONAL NAME | |
| Personal name | Reddy, G. Sudarsana |
| 942 ## - ADDED ENTRY ELEMENTS (KOHA) | |
| Source of classification or shelving scheme | Dewey Decimal Classification |
| Item type | English Books |
| Call number suffix | ASW |
| Classification part | 658 |
| Withdrawn status | Lost status | Source of classification or shelving scheme | Damaged status | Not for loan | Collection code | Home library | Current library | Date acquired | Source of acquisition | Cost, normal purchase price | Total Checkouts | Full call number | Barcode | Date last seen | Copy number | Cost, replacement price | Koha item type | Total Renewals |
|---|---|---|---|---|---|---|---|---|---|---|---|---|---|---|---|---|---|---|
| Dewey Decimal Classification | Non-fiction | Andrews Gunj | Andrews Gunj | 24/10/2009 | Himalaya Pub. House/A430670/10.6.09/38/5.6.09/17.6.09 | 375.00 | 658 ASW | B-340873 | 24/10/2009 | 1 | 375.00 | English Books | ||||||
| Dewey Decimal Classification | Non-fiction | Central Library | Central Library | 16/02/2009 | Himalaya Pub. House/A430670/10.6.09/38/5.6.09/17.6.09 | 375.00 | 3 | 658 ASW | B-340868 | 04/02/2022 | 1 | 375.00 | English Books | |||||
| Dewey Decimal Classification | Not For Loan | Non-fiction | D.B.Act.Division | D.B.Act.Division | 13/10/2008 | DBAD / PUB | 375.00 | 658 ASW | EN-74799 | 13/10/2008 | 1 | 375.00 | English Books | |||||
| Withdrawn | Dewey Decimal Classification | Non-fiction | Janak Puri | Janak Puri | 24/10/2009 | Himalaya Pub. House/A430670/10.6.09/38/5.6.09/17.6.09 | 375.00 | 32 | 658 ASW | B-340870 | 23/12/2015 | 1 | 375.00 | English Books | 1 | |||
| Dewey Decimal Classification | Non-fiction | Karol Bagh | Karol Bagh | 24/10/2009 | Himalaya Pub. House/A430670/10.6.09/38/5.6.09/17.6.09 | 375.00 | 658 ASW | B-340876 | 24/10/2009 | 1 | 375.00 | English Books | ||||||
| Dewey Decimal Classification | Non-fiction | Patel Nagar | Patel Nagar | 24/10/2009 | Himalaya Pub. House/A430670/10.6.09/38/5.6.09/17.6.09 | 375.00 | 658 ASW | B-340869 | 15/05/2017 | 1 | 375.00 | English Books | ||||||
| Dewey Decimal Classification | Non-fiction | R.K.Puram-8 | R.K.Puram-8 | 24/10/2009 | Himalaya Pub. House/A430670/10.6.09/38/5.6.09/17.6.09 | 375.00 | 658 ASW | B-340872 | 24/10/2009 | 1 | 375.00 | English Books | ||||||
| Written-off vide DLB M. No. 383 dt 16.05.19 | Dewey Decimal Classification | Non-fiction | Sarojini Nagar | Sarojini Nagar | 24/10/2009 | Himalaya Pub. House/A430670/10.6.09/38/5.6.09/17.6.09 | 375.00 | 658 ASW | B-340871 | 24/10/2009 | 1 | 375.00 | English Books | |||||
| Written-off vide DLB M. No. 383 dt 16.05.19 | Dewey Decimal Classification | Non-fiction | Shahdara Branch | Shahdara Branch | 24/10/2009 | Himalaya Pub. House/A430670/10.6.09/38/5.6.09/17.6.09 | 375.00 | 658 ASW | B-340877 | 24/10/2009 | 1 | 375.00 | English Books | |||||
| Dewey Decimal Classification | Non-fiction | Sriniwas Puri | Sriniwas Puri | 24/10/2009 | Himalaya Pub. House/A430670/10.6.09/38/5.6.09/17.6.09 | 375.00 | 658 ASW | B-340874 | 24/10/2009 | 1 | 375.00 | English Books | ||||||
| Dewey Decimal Classification | Non-fiction | Vinoba Puri | Vinoba Puri | 24/10/2009 | Himalaya Pub. House/A430670/10.6.09/38/5.6.09/17.6.09 | 375.00 | 2 | 658 ASW | B-340875 | 17/05/2022 | 1 | 375.00 | English Books | |||||
| Dewey Decimal Classification | Non-fiction | Yojana Vihar | Yojana Vihar | 24/10/2009 | Himalaya Pub. House/A430670/10.6.09/38/5.6.09/17.6.09 | 375.00 | 6 | 658 ASW | B-340878 | 27/02/2021 | 1 | 375.00 | English Books | 5 |
